000 00527pab a2200205 454500
008 180718b2007 xxu||||| |||| 00| 0 eng d
100 _aVaralakshmi, S.
245 _aCausal nexus between budget deficit and trade deficit in India
260 _c2007
300 _ap.641-62.
362 _aApr
650 _aTrade
650 _aDeficits, Trade - India
650 _aDeficits, Budget - India
650 _aBudget
700 _aParasuraman, S.
773 _aIndian Journal of Economics
908 _aN
909 _a75867
999 _c75867
_d75867